| 000 | 00897nam a22002417a 4500 | ||
|---|---|---|---|
| 005 | 20130114153152.0 | ||
| 008 | 130114t xxu||||| |||| 00| 0 eng d | ||
| 010 | _aENG-106562 | ||
| 020 |
_a9780198090359 _c350.00 |
||
| 020 |
_a0198090358 _c350.00 |
||
| 035 | _aEN-90095 | ||
| 037 | _bDBAD/PUB | ||
| 040 |
_aDpl _bEng |
||
| 082 | _a307.12 | ||
| 245 |
_aDiversities in the Indian diaspora : _bnature, implications, responses / _cedited by N. Jayaram |
||
| 260 |
_aNew Delhi _bOxford University Press _c2012 |
||
| 270 |
_aYMCA Library Building, 1 Jai Singh Road _bNew Delhi _e110001 |
||
| 300 |
_axiii,250p. _c22cm (pbk) |
||
| 500 | _aIncludes contributors | ||
| 700 |
_aJayaram, N. _929353 |
||
| 942 |
_2ddc _cEN _mDIV _h307.12 |
||
| 999 |
_c72942 _d72942 |
||